Minerals and mineraloids in marine sediments : An optical identification guide /
Enregistré dans:
| Auteur principal: | |
|---|---|
| Format: | Livre |
| Langue: | anglais |
| Publié: |
London :
Elsevier,
1989
|
| Tags: |
Pas de tags, Soyez le premier à ajouter un tag!
|
MARC
| LEADER | 00000nam a22000003a 4500 | ||
|---|---|---|---|
| 001 | stu29271 | ||
| 005 | 20150617225737.6 | ||
| 008 | 950607s1989----uk------------------eng-d | ||
| 020 | |a 1-85166-382-7 | ||
| 040 | |a STU |b slo | ||
| 041 | 0 | |a eng | |
| 044 | |a uk | ||
| 080 | |a 549.9 | ||
| 080 | |a 551.46 | ||
| 100 | 1 | |a Rothwell, R.G |4 aut | |
| 245 | 1 | |a Minerals and mineraloids in marine sediments : |b An optical identification guide / |c [aut]Rothwell,R.G | |
| 260 | |a London : |b Elsevier, |c 1989 | ||
| 300 | |a 14,279 s | ||
| 996 | |b 284V027124 |c V*43449/O-18841 |l VVT |s A |a 24 |w stu29271_0001 | ||